Music Quiz

Random Music or Lyrics Quiz

Mellencamp's Little Pink Houses Lyrics Quiz Stats

 Plays Quiz not verified by Sporcle

Also try: Music Facts
Challenge
Share
Tweet
Embed
Score 0/26 Timer 03:00
0 Plays Today
% Correct
'Hey darlin', I can remember when you could stop a clock'
86%
Said boy, you're gonna be president
79.1%
cleanin' up evenin' slop
76.7%
Listenin' to a rockin' rollin' station
76.7%
came and went
76.7%
But they ain't no big deal
76.7%
For you and me
76.7%
Home of the free, yeah
76.7%
He says, Lord this must be my destination
74.4%
And vacation down at the Gulf of Mexico
74.4%
The bills the pills that kill
74.4%
You know, he thinks that he's got it so good
72.1%
Little pink houses for you and me
69.8%
% Correct
For you and me
69.8%
Livin' in a black neighborhood
67.4%
Ain't that America
67.4%
Those old crazy dreams
67.4%
For you and me
65.1%
For you and me
60.5%
Home of the free, yeah
60.5%
Something to see, baby
60.5%
What do they know, know, know
55.8%
For you and me
48.8%
For you and me
44.2%
Something to see, baby
41.9%
Oooh, ooooh, yeah…
30.2%

You're not logged in!

Compare scores with friends on all Sporcle quizzes.
OR
Log In

You Might Also Like...

Show Comments

Extras

Top Quizzes Today


Score Distribution

Your Account Isn't Verified!

In order to create a playlist on Sporcle, you need to verify the email address you used during registration. Go to your Sporcle Settings to finish the process.

Report this User

Report this user for behavior that violates our Community Guidelines.

Details: